[Event "SRB Central-ch op-A 5th"]
[Site "Paracin"]
[Date "2012.07.11"]
[Round "7"]
[White "Bogosavljevic, Boban"]
[Black "Atalik, Suat"]
[Result "0-1"]
[WhiteElo "2520"]
[BlackElo "2599"]
[Annotator "Atalik,S"]
[PlyCount "72"]
[EventDate "2012.07.06"]
[EventType "swiss"]
[EventRounds "9"]
[EventCountry "SRB"]
[SourceTitle "CBM 149 Extra"]
[Source "ChessBase"]
[SourceDate "2012.08.24"]
[SourceVersion "1"]
[SourceVersionDate "2012.08.24"]
[SourceQuality "1"]

1. d4 d5 2. Bf4 $5 {A speciality of the young talent from Vrsac. I myself have
tried the London System albeit without much success.} Nf6 (2... c5 3. e4 $5 {
looks like an accelerated Albin!}) 3. e3 c5 4. c3 Nc6 5. Nd2 (5. Nf3 $6 Qb6 6.
Qb3 c4 7. Qc2 $1 (7. Qxb6 axb6 8. Na3 Bf5 $1 (8... e5 9. Nb5 Ra5 10. Nc7+ Kd7
11. dxe5 Nh5 12. Nxd5 Rxd5 13. Bxc4 $44) 9. Nh4 (9. Nb5 Ra5) 9... Bd7 $36) 7...
Bf5 8. Qc1 Nh5 $1 $36 {explains the move order chosen by White.}) 5... Bf5 $5 (
5... g6 {is Kramnik's choice.} 6. Ngf3 Qb6 7. Qb3 c4 8. Qc2 Bf5 9. Qc1 Bg7 10.
h3 (10. b3 cxb3 11. axb3 O-O 12. Be2 Rfc8 $132) 10... O-O 11. Be2 Qd8 12. O-O
b5 $13) 6. Qb3 (6. Ngf3 Qb6 7. Qb3 c4 8. Qxb6 axb6 9. a3 b5 10. Rc1 h6 11. Be2
e6 12. Bd1 Nd7 $1 {results in the famous manoeuvre from the Robert Byrne-Vlado
Kovacevic game, Wijk aan Zee 1980, with reversed colours. Nd7-b6-a4, followed
by Ba4 bxa4 makes the b2-pawn vulnerable for an attack by Black's rook, say
like Ra6-b6.}) 6... Qd7 7. dxc5 $5 (7. Ngf3 {is played by whom? Guess what by
me!} c4 (7... e6 8. Bb5 (8. Ne5 Nxe5 9. dxe5 c4 10. Nxc4 dxc4 11. Bxc4 O-O-O
12. exf6 Qd2+ 13. Kf1 gxf6 {is not simple either.} 14. h3 e5 15. Bg3 Bc2 16.
Qb5 a6 17. Qa5 Rg8 18. Re1 Be4 19. Be2 Bd6 $44) 8... Qc8 $13) 8. Qd1 b5 9. Be2
e6 10. O-O Bd6 11. Bxd6 Qxd6 12. Nh4 O-O $13) 7... e5 {I wanted to grab the
centre.} ({There is nothing wrong with} 7... e6 $5 8. Ngf3 (8. Qa3 Nh5 9. Ngf3
Nxf4 10. exf4 Be7 $44) 8... Bxc5 9. Be2 (9. Nd4 Bg6) 9... O-O 10. O-O $13 {
it is just another game.}) 8. Bg3 (8. Bg5 Bxc5 9. Bxf6 gxf6 $36 {and Black
seems to be very active.}) 8... Bxc5 9. Ngf3 Qe7 (9... Bd6 10. Bb5 Qc7 11. c4
O-O 12. cxd5 Na5 13. Qa4 a6 14. Be2 Nxd5 15. O-O $40 {and Black has a shaky
centre.}) 10. Bb5 d4 $1 $146 {A good novelty over the board which casts doubt
on current theory.} (10... O-O $5 11. Bxc6 bxc6 12. Nxe5 Rfc8 $44 {is reserved
for another time.}) 11. O-O $1 {It is really suicidal to pick up the pawn.} (
11. Nxe5 $2 dxe3 $1 (11... O-O $2 12. cxd4 Bxd4 13. Bxc6 Bxe5 14. Qxb7 Qxb7 15.
Bxb7 Bxb2 16. Bxa8 Bxa1 17. Bb7 Bc3 18. Ke2 Rd8 19. Nb3 $16) 12. Nxc6 exd2+ 13.
Kd1 (13. Kxd2 bxc6 14. Bxc6+ Kf8 15. Bxa8 Qd8+ 16. Kc1 Qxa8 $17) 13... bxc6 14.
Bxc6+ Nd7 15. Bxa8 O-O 16. Qd5 (16. Bf3 Re8 $19) 16... Re8 17. Qxd2 Rxa8 18.
Re1 Qf6 $19) 11... dxe3 12. fxe3 Bxe3+ 13. Kh1 O-O $6 {This hasty move
resulted in evaporation of my advantage.} (13... Bxd2 14. Nxd2 Be6 15. Qa4 Nd7
16. Bxc6 bxc6 17. Nc4 f6 18. Qxc6 O-O $17) 14. Rae1 (14. Bxc6 bxc6 15. Nxe5 Be6
16. Qc2 Bxd2 17. Qxd2 Ne4 18. Qe3 Nxg3+ 19. Qxg3 Qc7 $15) 14... Bxd2 {A tough
decision.} (14... Be6 $5 15. Qc2 (15. Nc4 $6 Qc5 $1 $17) 15... Bxd2 16. Nxd2 (
16. Qxd2 Rad8 17. Qc2 e4 18. Bxc6 bxc6 19. Nd2 Qd7 20. Nxe4 Nxe4 21. Qxe4 Bxa2
$15) 16... Nd7 17. Bxc6 bxc6 18. Bxe5 Nxe5 19. Rxe5 f6 20. Re2 Qf7 21. b3 $11)
15. Nxd2 Be6 16. Qa4 $6 (16. Qc2 {is simpler:} Nh5 17. Bxe5 Nxe5 18. Rxe5 Nf6
$11) 16... Nd7 17. Bxc6 bxc6 18. Bxe5 (18. Qxc6 $6 f6 $17 {gives Black the
centre.}) 18... Nxe5 19. Rxe5 Qd6 20. Nf3 {This natural move came to me as a
surprise.} (20. Qf4 f6 21. Ra5 Qxf4 22. Rxf4 Rfd8 $36) (20. Qd4 $2 Qxd4 21.
cxd4 Rfd8 $17 {is obviously bad for White.}) 20... Bd5 21. Re2 $6 {There was
no need for this bad move but Boban was in severe time trouble.} (21. Rfe1 Bxf3
22. gxf3 g6 $11 {and each side has his own weaknesses.}) 21... Rae8 $1 22. Rxe8
{I am really surprised by his materialistic approach since Black will have
more than compensation.} (22. Rfe1 Re6 $5 $36) 22... Rxe8 23. Qxa7 $138 Re2 24.
Qa8+ $2 {This turns out to be the real mistake.} (24. Rf2 Bxf3 (24... Rxf2 25.
Qxf2 Bxa2 $11) 25. gxf3 Re1+ 26. Kg2 Qg6+ 27. Kh3 $11) 24... Qf8 25. Qa6 $2 {
One mistake follows another.} (25. Qb7 g6 26. Qb6 Qe7 $40) (25. Qxf8+ Kxf8 26.
Ra1 Rxb2 27. a4 c5 28. a5 Rc2 29. a6 Ke7 30. a7 Ba8 $17) 25... Rxb2 26. c4 Bxf3
27. gxf3 Qb8 $1 28. f4 Qe8 $19 29. Qa3 Qe4+ 30. Qf3 Qxc4 $5 (30... Qc2 $5 {
may provide an easier win but at this moment in the game I became
materialistic myself.} 31. Qh3 f5 $1 $19 (31... g6 32. f5 Qxc4 33. Re1 Rb1 34.
Rxb1 Qe4+ 35. Kg1 Qxb1+ $19)) 31. Rd1 $6 ({The trickiest is the long line.} 31.
Rf2 Rxa2 32. Rxa2 Qxa2 33. Qxc6 Qb1+ 34. Kg2 Qg6+ 35. Qxg6 hxg6 $19) 31... h6
32. a3 {I thought that the queen exchange is compulsory but anything loses.} (
32. Rd8+ Kh7 33. Qd3+ Qxd3 34. Rxd3 Rxa2 35. Rc3 Ra6 36. f5 f6 37. Rc5 Kg8 $19)
32... Rb3 33. Qg4 g6 (33... Qe4+ 34. Qg2 Qxf4 35. Qxc6 Rb2 $19 {wins as well.})
34. Qc8+ Kh7 35. Qe8 Qxf4 36. Qxc6 Rb2 0-1

[Event "Olympiad-36"]
[Site "Mallorca"]
[Date "2004.10.22"]
[Round "7"]
[White "Hamdouchi, Hicham"]
[Black "Mikheev, Stanislav Valerievi"]
[Result "1-0"]
[WhiteElo "2575"]
[BlackElo "2352"]
[Annotator "Atlas,V"]
[PlyCount "51"]
[EventDate "2004.10.15"]
[EventType "team-swiss"]
[EventRounds "14"]
[EventCountry "ESP"]
[SourceTitle "CBM 104"]
[Source "ChessBase"]
[SourceDate "2005.01.27"]
[SourceVersion "1"]
[SourceVersionDate "2005.01.27"]
[SourceQuality "1"]
[WhiteTeam "Morocco"]
[BlackTeam "IPCA"]
[WhiteTeamCountry "MAR"]

1. d4 Nf6 2. Bg5 d5 3. e3 g6 4. Bxf6 exf6 5. c4 dxc4 6. Bxc4 Bd6 7. Nf3 O-O 8.
O-O c5 9. Nc3 cxd4 10. exd4 Nc6 11. h3 Bf5 12. a3 Rc8 13. Ba2 Bb8 14. Re1 Kg7
15. Qd2 Qd7 16. Nd5 Rfe8 17. Ne3 Be4 $4 ({After this careless move White
develops an irresisitble attack. Correct was} 17... Bd6 {, with counterchances.
}) 18. Ng4 $1 {[%csl Gd2,Rf6,Gg4,Rg7,Rh6][%cal Gd2h6] Threatening 19.Qh6+.} Qd6
19. Qh6+ Kh8 {[%tqu "En","Black's king is deserted by his pieces. How would
you develop White's attack here?","Target the h7-pawn!","Sacrifice the
g4-knight to bring the f3-knight into attack!","g4f6","This nice sacrifice
crowns White's impressive attack.",6]} 20. Nxf6 $1 {[%csl Gf3,Gf6,Rg5,Gh6,Rh7,
Rh8] After this sacrifice Black is doomed.} (20. Bxf7 Re7 21. Rxe4 Rxe4 22.
Bxg6 Re7 {was definitely less convincing.}) 20... Qxf6 21. Ng5 {[%csl Rf7,Rh7,
Rh8][%cal Ga2f7,Gg5f7,Gg5h7]} Qg7 22. Nxf7+ Kg8 23. Nd6+ Kh8 24. Qxg7+ Kxg7 25.
Nxe8+ Rxe8 26. f3 {Winning a piece and the game.} 1-0

[Event "DEN-ch"]
[Site "Nyborg"]
[Date "2001.04.08"]
[Round "2"]
[White "Berg, Klaus"]
[Black "Rasmussen, Karsten"]
[Result "1-0"]
[WhiteElo "2418"]
[BlackElo "2410"]
[Annotator "Atlas,V"]
[PlyCount "81"]
[EventDate "2001.04.07"]
[EventType "tourn"]
[EventRounds "9"]
[EventCountry "DEN"]
[EventCategory "8"]
[SourceTitle "CBM 083"]
[Source "ChessBase"]
[SourceDate "2001.07.05"]
[SourceVersion "1"]
[SourceVersionDate "2001.07.05"]
[SourceQuality "1"]

1. d4 d5 2. Bg5 h6 3. Bh4 c6 4. Nf3 Bf5 5. e3 Qb6 6. b3 Nd7 7. Bd3 Bxd3 8. Qxd3
e6 9. O-O Be7 10. Bxe7 Nxe7 11. c4 O-O 12. Nc3 Rad8 13. Rfc1 Qa6 14. Qf1 dxc4
15. bxc4 Qa5 16. Rab1 b6 17. a4 Qh5 (17... e5 $142) 18. a5 $1 Qxa5 $6 19. Ra1
Qb4 20. Rxa7 $14 Qd6 21. Rca1 Nc8 22. Rb7 Qb4 $6 (22... e5) 23. Qc1 Nd6 $4 {
[%tqu "En","Black's last move looks reasonable, but in fact it's a fatal
mistake. How would you punish Black for it?","Try to use a shaky positin of
the black queen.","Play energetically not to allow Black any time for defence.
","b7d7","After this blow White's material advantage becomes decisive.",6]} 24.
Rxd7 $1 {[%csl Rb4][%cal Ga1a4,Gf3d2]} Rxd7 25. Ra4 Qxc4 (25... Qb3 {is met by}
26. Nd2 {,winning the queen.}) 26. Ne5 $1 {This move is even stronger than 26.
Rc4, which, however, would be also sufficient for win.} Qb3 27. Ra3 Qxa3 28.
Qxa3 {Black has no sufficient compensation for the queen, and the rest of the
game is not very interesting.} Rdd8 29. h3 Nf5 30. g4 Ra8 31. Qb2 Ne7 32. Qxb6
Nd5 33. Nxd5 cxd5 34. Nc6 Rfe8 35. Kg2 Ra2 36. h4 Rc2 37. Qb7 Rf8 38. g5 h5 39.
Ne7+ Kh8 40. g6 f5 41. Nc6 1-0

[Event "Hastings 9798"]
[Site "Hastings"]
[Date "1998.01.07"]
[Round "9"]
[White "Hebden, Mark"]
[Black "Nunn, John DM"]
[Result "1-0"]
[WhiteElo "2575"]
[BlackElo "2620"]
[Annotator "Avrukh,B"]
[PlyCount "45"]
[EventDate "1997.12.29"]
[EventType "tourn"]
[EventRounds "9"]
[EventCountry "ENG"]
[EventCategory "13"]
[SourceTitle "CBM 063"]
[Source "ChessBase"]
[SourceDate "1998.03.26"]
[SourceVersion "1"]
[SourceVersionDate "1998.03.26"]
[SourceQuality "1"]

1. d4 {Ftacnik Tyomkin,D} Nf6 2. Nf3 g6 3. Nc3 d5 4. Bf4 Bg7 5. e3 O-O 6. Be2
c5 7. Ne5 cxd4 8. exd4 Nfd7 (8... e6 {Avrukh,B} 9. Qd2 (9. O-O Nfd7 10. Re1
Nxe5 11. Bxe5 Bh6 12. Nb5 Nc6 13. Bd6 Re8 14. Bg3 $16 {Balashov,Y-Gufeld,E/
URS-ch37 Moscow 1969/1-0 (66)} (14. Bg3 {Ftacnik} f5 15. Bc7 Qd7 16. Be5 Nxe5
17. dxe5 Rd8 18. Qd4 a6 19. Qh4 Bf8 20. Nd4 {Balashov,Y-Gufeld,E/URS-ch37 1969/
1-0 (66)})) 9... Nfd7 10. Nf3 Nc6 11. Bh6 Nf6 12. Bxg7 Kxg7 13. O-O-O Bd7 14.
Ne5 Rc8 15. h4 $40 {Mohr,G-Rotshtein,A/Maribor 1994/1-0(28)} (15. h4 Nb4 16.
Kb1 b5 17. h5 Qe7 18. hxg6 fxg6 19. Qh6+ Kg8 20. g4 {1-0 Mohr,G-Rotstein,A/
Maribor Pirc 1994 (28)})) (8... Ne8 {Avrukh,B} 9. h4 $6 f6 10. Nf3 Bg4 $15 {
Pribyl,J-Werner,D/Prague Mladi-A 1988/1/2-1/2(18)} (10... Bg4 {Ftacnik} 11. h5
Bxh5 12. Qd2 Nc6 13. O-O-O e6 14. Bh6 Rf7 15. Rh4 Bxf3 16. Bxf3 f5 17. g3 Bf6
18. Qe3 Qd7 19. Rhh1 {1/2-1/2 Pribyl,J-Werner,D/Prague Mladi-A 1988})) (8...
Nc6 {Avrukh,B} 9. Qd2 (9. h4 Qb6 10. Nxc6 bxc6 11. Na4 Qa5+ 12. c3 Ba6 13. Nc5
Bxe2 14. Qxe2 Rfe8 15. Be5 Qb5 16. a4 Qxe2+ 17. Kxe2 Rad8 18. Rae1 Nd7 19. Nxd7
Rxd7 20. Bxg7 Kxg7 21. Kd3 {1/2-1/2 Bibby,S-Norman,K/BCF-ch 1992 (33)}) 9...
Bf5 (9... Be6 10. f3 Nd7 11. Nxc6 bxc6 12. Bh6 Rb8 13. Bxg7 Kxg7 14. Na4 f6 15.
h4 Qc7 16. O-O-O Bf7 17. f4 c5 18. h5 cxd4 19. Rh3 e5 20. g4 exf4 21. hxg6 hxg6
22. Qxd4 g5 {1-0 Okhotnik,V-Sinkovics,P/Balatonbereny op 1996 (40)}) 10. f3 Nd7
(10... Nh5 {Ftacnik} 11. O-O-O Nxf4 12. Qxf4 Nb4 13. Bd3 Be6 14. h4 Rc8 15. a3
Nxd3+ 16. Rxd3 Qa5 17. h5 Rfd8 18. hxg6 hxg6 19. g4 b5 20. Qh2 b4 21. axb4 Qxb4
22. f4 {Orlowski,J-Wiener,H/Unterfranken-ch 1988/1/2-1/2 (48)}) 11. Nxc6 bxc6
12. g4 Be6 13. Bh6 Rb8 14. Bxg7 Kxg7 15. Na4 Qc7 $132 {Okhotnik Vladimir-Gal
Jozsef/It, Hajduboszormeny (Hungary) 1995/1-0(31)} (15... Qc7 16. f4 Nf6 17.
O-O-O Ne4 18. Qe3 Qa5 19. b3 Qb4 20. Nc5 Nc3 21. Rd3 Qa3+ 22. Kd2 Ne4+ 23. Ke1
Qxa2 24. f5 {1-0 Okhotnik,V-Gal,J/Hajduboszormeny IM 1995 (31)})) (8... Nbd7 {
Ftacnik} 9. h4 Nxe5 10. Bxe5 a6 11. h5 b5 12. a3 Be6 13. Qd2 Qd7 14. f3 Qb7 15.
Kf2 Rac8 16. Bd3 Qd7 17. Rh4 Bf5 18. Bxf5 Qxf5 19. g4 Qd7 20. Rah1 gxh5 21.
Bxf6 Bxf6 22. Rxh5 Rfd8 23. Rxh7 Bg7 24. Rxg7+ {1-0 Pribyl,M-Pribylova,R/
Prague Meta 1989}) 9. Nf3 $146 (9. Nxd7 {Avrukh,B} Qxd7 10. Bf3 Nc6 11. Be3 (
11. Ne2 {Ftacnik} Nxd4 12. Nxd4 e5 $15) 11... e6 12. Ne2 b6 13. O-O Ba6 14. Re1
Rfc8 $11 {Stojanov,S-Zontakh,A/Belgrade Trako 1993/1/2-1/2(30)}) 9... Nf6 10.
Ne5 Nfd7 11. Nf3 Nf6 12. Qd2 $1 {Hebden doesn't accept the draw by repetition
of moves. Ftacnik: Positions with opposite castles are always very sharp, both
sides need to come first with their attacks.} (12. Ne5 $11) 12... Bg4 (12...
Ne4 13. Nxe4 dxe4 14. Ne5 $14 (14. Ne5 {Ftacnik} f6 15. Bc4+ e6 16. Ng4 $13))
13. Ne5 Bxe2 14. Qxe2 Nh5 $6 (14... Nc6 15. Nxc6 (15. O-O-O Rc8) 15... bxc6 16.
O-O Qb6 $132) 15. Be3 (15. Bg3 {Ftacnik} Nc6 16. O-O-O e6 $11) 15... Nc6 16.
O-O-O Rc8 17. f4 Nf6 (17... e6 {Ftacnik} 18. g4 Nf6 19. h4 h5 $11) 18. g4 Qa5 (
18... e6 $5 {Ftacnik}) 19. a3 Nxe5 (19... Ne4 20. Nxe4 dxe4 21. Bf2 Qd5 22. Kb1
$16 {[%csl Re4]}) (19... e6 {Ftacnik} 20. h4) 20. fxe5 (20. dxe5 Rxc3 21. exf6
Bxf6 (21... Rxa3 22. bxa3 Qxa3+ 23. Kd2 Qb4+ 24. c3 Qb2+ 25. Ke1 Qxc3+ 26. Kf2
$18) 22. Bd2 d4 23. Qe4 Qb5 24. Bxc3 (24. bxc3 dxc3 25. Qb4 cxd2+ 26. Rxd2 Qc6)
24... dxc3 25. b3 $13) 20... Rxc3 $2 {Ftacnik: Nunn goes for a flashy idea,
but it can be refuted with very neat play. The tactical idea for white is far
from obvious, even though quite simple.} (20... Ne4 21. Nxe4 dxe4 22. h4 f6 $5
$132 (22... f6 {Ftacnik} 23. h5 $14)) (20... Nd7 $1 {Ftacnik} 21. Qb5 Qxb5 22.
Nxb5 a6 23. Nc3 Nb6 $11) 21. exf6 (21. Bd2 {Ftacnik} Ne4 22. Bxc3 Nxc3 23. bxc3
Qxa3+ 24. Kd2 Bh6+ 25. Ke1 Qxc3+ 26. Kf2 Rc8 $19) (21. bxc3 $2 {Ftacnik} Qxa3+
22. Kd2 Ne4+ 23. Ke1 Qxc3+ 24. Kf1 Rc8 $19) 21... Rfc8 (21... Rxe3 22. Qxe3
exf6 $16 {/+-} (22... Bxf6 23. g5)) (21... Rxa3 {Ftacnik} 22. bxa3 Qxa3+ 23.
Kd2 Bxf6 (23... Qa5+ 24. c3 $16) 24. Rb1 $16) 22. Kb1 $1 {I guess black missed
this move.} (22. fxg7 $2 {[%tqu "En","","","","c3a3","",10]} Rxa3 $1 $11 23. c3
$140 (23. bxa3 {Ftacnik} Qxa3+ 24. Kb1 Qb4+ $11) 23... Rcxc3+ $1 $19) (22. bxc3
{Ftacnik} Qxa3+ 23. Kb1 Rc6 24. Qb5 exf6 25. Bc1 Qxc3 $17) 22... Rxc2 $4 (22...
Rxe3 23. Qxe3 exf6 $16 {/+-} (23... Bxf6 24. g5 Bg7 25. Qxe7) (23... exf6 {
Ftacnik} 24. h4 $16)) (22... Bxf6 {Ftacnik} 23. bxc3 Qxa3 24. Bc1 Qxc3 25. Bb2
$16) 23. Rd2 (23. Rd2 {Ftacnik} R2c6 24. fxg7 Kxg7 25. h4 $18) 1-0

[Event "Pamplona 9798 8th"]
[Site "Pamplona"]
[Date "1998.01.01"]
[Round "5"]
[White "San Segundo Carrillo, Pablo"]
[Black "Andersson, Ulf"]
[Result "1/2-1/2"]
[WhiteElo "2495"]
[BlackElo "2640"]
[Annotator "Avrukh,B"]
[PlyCount "53"]
[EventDate "1997.12.28"]
[EventType "tourn"]
[EventRounds "9"]
[EventCountry "ESP"]
[EventCategory "13"]
[SourceTitle "CBM 063"]
[Source "ChessBase"]
[SourceDate "1998.03.26"]
[SourceVersion "1"]
[SourceVersionDate "1998.03.26"]
[SourceQuality "1"]

1. d4 {Tyomkin,D} Nf6 2. Bg5 d5 3. Bxf6 gxf6 4. e3 c5 5. c4 cxd4 6. exd4 Nc6 7.
cxd5 (7. c5 $2 {Avrukh,B} Rg8 8. Nc3 e5 9. Bb5 Rxg2 10. Qf3 Rg6 11. Qxd5 exd4
12. Bxc6+ bxc6 13. Qxc6+ Bd7 14. Qe4+ Qe7 $19 {Wall,T-Sadler,M/ch-British,
Nottingham ENG 1996/0-1(21)}) 7... Qxd5 8. Nf3 e5 $5 $146 (8... Bg4 {Avrukh,B}
9. Be2 O-O-O 10. Nc3 Qa5 11. d5 e6 (11... Nb4 12. O-O Nxd5 13. Nxd5 Rxd5 14.
Rc1+ Kb8 15. Qb3 $44) 12. O-O exd5 13. Nd4 Be6 $15 {Kinsman Andrew P
H-Skembris Spyridon/It (open), Cannes (France) 1995/0-1(32)}) 9. Nc3 Bb4 10.
Qd2 {[%cal Rc3d5]} (10. dxe5 Qxd1+ 11. Rxd1 fxe5 12. Bb5 f6 {and black is Ok
in this ending.}) 10... Bxc3 11. bxc3 exd4 (11... e4 $6 12. Qe3 $1 {[%cal
Gf3d2]}) (11... Bg4 12. Be2) 12. cxd4 Rg8 13. Rc1 {[%cal Gf1c4]} Be6 14. Bc4 (
14. Rc5 $6 Qe4+) 14... Qe4+ 15. Qe2 (15. Qe3 Qxe3+ 16. fxe3 Bxc4 17. Rxc4 Rxg2
$15) 15... Qxe2+ 16. Kxe2 Bxc4+ $6 (16... Rd8 $5 17. Rhd1 Bxc4+ 18. Rxc4 Rxg2
19. d5 Ne5 20. Re4 Kd7 $15 (20... Rg4 21. Re3) (20... Kf8 21. Kf1 Rg4 22. Rxg4
Nxg4 $15)) 17. Rxc4 Rxg2 18. d5 $1 $11 Ne5 19. Nxe5 (19. Rc7 Rd8 20. Rxb7 Rxd5
$11) 19... fxe5 20. Rc7 Rd8 21. Rb1 b6 22. Rxa7 Rg6 (22... Rxd5 23. Rxb6 Rd7
$11) 23. Rb5 Rgd6 24. Ke3 Rxd5 25. Rxb6 R8d7 26. Rxd7 Kxd7 27. f4 1/2-1/2

[Event "Excelsior Cup"]
[Site "Gothenburg"]
[Date "1998.01.14"]
[Round "8"]
[White "Ziegler, Ari"]
[Black "Akesson, Ralf"]
[Result "0-1"]
[WhiteElo "2440"]
[BlackElo "2520"]
[Annotator "Avrukh,B"]
[PlyCount "70"]
[EventDate "1998.01.07"]
[EventType "tourn"]
[EventRounds "9"]
[EventCountry "SWE"]
[EventCategory "9"]
[SourceTitle "CBM 063"]
[Source "ChessBase"]
[SourceDate "1998.03.26"]
[SourceVersion "1"]
[SourceVersionDate "1998.03.26"]
[SourceQuality "1"]

1. d4 Nf6 2. Bg5 d5 3. Bxf6 exf6 4. e3 Bd6 5. g3 O-O 6. Bg2 Re8 (6... c6 7. Nd2
f5 8. Ne2 Nd7 9. O-O Nf6 10. c4 dxc4 11. Nxc4 Bc7 12. Nc3 (12. Qc2 Be6 13. Ne5
Nd5 14. Nd3 g6 15. Nc5 Bc8 16. Nc3 Nf6 17. b4 a6 18. a4 Bd6 19. b5 axb5 20.
axb5 Rxa1 21. Rxa1 $16 {McDonald-Lukacs, Budapest 1995}) 12... Be6 13. Qe2 Qe7
14. a3 Rad8 15. b4 a6 $1 16. Rab1 Rfe8 (16... h5 $5) 17. Rfc1 (17. a4 Nd5 18.
Nxd5 Bxd5 19. Qc2 Bxg2 20. Kxg2 Rd5 21. Nd2 Qd7 22. Kh1 h5 23. Nf3 g6 24. Rb3
Bd6 25. Rfb1 Qe6 $11 {Hodgson,J-Leko,P/Moscow olm ENG-HUN 1994/1/2-1/2(45)})
17... h5 18. Nd2 h4 19. Nf3 hxg3 20. hxg3 Nd5 21. Rb2 a5 22. Nxd5 Bxd5 23. Qd2
axb4 24. axb4 g6 $11 {Adams,M-Almasi,Z/Moscow olm ENG-HUN 1994/1/2-1/2(37)}) 7.
Ne2 c6 8. O-O $146 (8. Nd2 {Avrukh,B} Bg4 $5 $146 (8... f5 9. O-O Nd7 10. c4
dxc4 11. Nxc4 Nf6 12. Nxd6 Qxd6 13. Nf4 Be6 14. Nxe6 Qxe6 15. Qc2 a5 16. b3 g6
$14 {/= Adams,M-Kortschnoj,V/Moscow PCA 1994/1/2-1/2(39)}) 9. O-O Qb6 10. b3 (
10. Nb3) 10... Bxe2 11. Qxe2 Qxd4 12. c4 Bb4 $13 {Ionescu,D-Fordan,T/Spring
Festival, Budapest HUN 1997/0-1 (47)}) 8... Nd7 9. b3 {Quite new idea in this
position.} (9. c4 $6 dxc4 10. Nd2 Nb6 11. Qc2 Be6) (9. Nd2 f5 10. c4 dxc4 11.
Nxc4 Nf6 {-8.Nd2}) 9... f5 10. c4 dxc4 11. bxc4 c5 12. Nbc3 Nf6 13. Rb1 Qe7 14.
Qc2 Ne4 15. Nd5 Qe6 16. dxc5 (16. Nef4 Bxf4 17. Nxf4 Qd6) 16... Nxc5 17. Nd4
$16 Qg6 18. Nb5 Rd8 19. Rfd1 Bf8 20. Ndc7 Rxd1+ 21. Qxd1 $2 (21. Rxd1 Rb8 22.
Nxa7 $16) 21... Rb8 22. Nxa7 f4 $5 {[%cal Gc8g4] The attempt to get some
counterplay.} 23. Nc6 $2 (23. Nxc8 $142 Rxc8 24. Nd5 fxe3 25. Nxe3 Ra8 26. Rb2
$16) (23. exf4 $6 Bg4 24. Qe1 (24. Qf1 Be2) 24... Nd3 25. Qf1 Bc5 $36) 23...
Bg4 24. Qc1 $2 (24. Qf1 bxc6 (24... Be2 25. Qe1 Rc8 26. Nd5 $1 bxc6 27. Nxf4)
25. Rxb8 Qd6 26. exf4 Qxc7 $15 {[%cal Gg4e6] /-/+ pair of minor pieces are
much stronger than the rook.}) 24... Nd3 25. Qc2 Rc8 26. Rxb7 f3 $17 27. Na7 (
27. Rb6 Qd6 (27... Rxc7 28. Ne7+ Bxe7 29. Rxg6 hxg6 $17) 28. Nb5 Qc5 $17) 27...
Rxc7 28. Rxc7 fxg2 29. Nb5 Bc5 $6 (29... Bb4 $1 {[%cal Rb4e1]} 30. Nc3 Bxc3 31.
Qxc3 Qb6 32. Qxd3 Qxc7 33. Kxg2 Be6 $17) 30. Rb7 h5 31. Rb8+ Kh7 32. Rd8 $4
$138 (32. Nd4 Bxd4 (32... Bb4 33. Rxb4 Nxb4 34. Qxg6+ Kxg6 35. a3) (32... Bh3
33. Rb3 Ne5 34. Qxg6+ Kxg6 35. f4 $132) 33. exd4 Qe4 34. Rb1 Bf3 $17 35. d5
$140 {[%tqu "En","","","","d3f2","",10]} Nxf2 $1 36. Qxe4+ Bxe4 $1 {[%cal
Rf2h3]} 37. Kxf2 Bxb1 38. Kxg2 Kg6 (38... Bxa2 $4 39. d6) 39. d6 Kf6 40. a4 Ke6
41. c5 Bf5 $1 $19 {[%cal Re6d5]}) 32... Ne1 $19 33. Qxg6+ (33. Qc1 Nf3+ 34.
Kxg2 Qe4 $19) (33. Qc3 Qb1 $19) 33... Kxg6 {[%cal Rg4h3,Ye1f3] White can not
prevent Bh3 and than Nf3.} 34. Nd4 Bh3 35. f4 Bxd4 0-1